Principles of Virology (Record no. 479501)

000 -LEADER
fixed length control field 00376nam a22001457a 4500
008 - FIXED-LENGTH DATA ELEMENTS--GENERAL INFORMATION
fixed length control field 140325t xxu||||| |||| 00| 0 eng d
020 ## - INTERNATIONAL STANDARD BOOK NUMBER
International Standard Book Number 978-1-55581-479-3
100 ## - MAIN ENTRY--PERSONAL NAME
Personal name S.J. Flint
9 (RLIN) 813
240 ## - UNIFORM TITLE
Uniform title Molecular biology
245 ## - TITLE STATEMENT
Title Principles of Virology
Remainder of title vol I
Statement of responsibility, etc. S.J. Flint
250 ## - EDITION STATEMENT
Edition statement third edition
300 ## - PHYSICAL DESCRIPTION
Extent 568 p.
440 ## - SERIES STATEMENT/ADDED ENTRY--TITLE
Volume/sequential designation volume I
9 (RLIN) 814
942 ## - ADDED ENTRY ELEMENTS (KOHA)
Source of classification or shelving scheme
Koha item type Book
Holdings
Withdrawn status Lost status Source of classification or shelving scheme Damaged status Not for loan Collection code Permanent Location Current Location Date acquired Total Checkouts Full call number Barcode Date last seen Date last checked out Price effective from Koha item type
            Atta-ur-Rahman School of Applied Biosciences (ASAB) Atta-ur-Rahman School of Applied Biosciences (ASAB) 01/05/2016 2 579.2 FLI ASAB1395 12/21/2017 12/14/2017 01/05/2016 Book
© 2023 Central Library, National University of Sciences and Technology. All Rights Reserved.